[Event "European Rapid 2014"]
[Site "Wroclaw POL"]
[Date "2014.12.21"]
[Round "11.1"]
[White "Gajewski, Grzegorz"]
[Black "Volokitin, Andrei"]
[Result "1/2-1/2"]
[WhiteTitle "GM"]
[BlackTitle "GM"]
[WhiteElo "2643"]
[BlackElo "2626"]
[WhiteFideId "1116207"]
[BlackFideId "14107090"]
[EventDate "2014.12.20"]

1. Nf3 c5 2. c4 Nf6 3. Nc3 d5 4. cxd5 Nxd5 5. g3 Nc6 6. Bg2 g6 7. d3 Bg7 8. Bd2
Nc7 9. Qc1 Nd4 10. Ne4 b6 11. Nxd4 Bxd4 12. Bh6 Rb8 13. O-O Ne6 14. e3 Bg7 15.
Bxg7 Nxg7 16. d4 cxd4 17. Rd1 Ne6 18. exd4 O-O 19. d5 Ng7 20. d6 Bf5 21. d7 Bxd7
22. Bh3 Nf5 23. Bxf5 gxf5 24. Ng5 Qe8 25. Qc4 h6 26. Nf3 Kh7 27. Ne5 Be6 28. Qc7
Qb5 29. Nc6 Rfc8 30. Nxa7 Rxc7 31. Nxb5 Rc2 32. b3 Rb2 33. Nd4 Bd7 34. Rac1 Rb7
35. Rc2 Rxc2 36. Nxc2 Bc6 37. Ne3 Bf3 38. Rc1 e6 39. Nc4 Rc7 40. a4 Bd5 41. Kf1
Rc5 42. Ke1 b5 43. axb5 Rxb5 44. Nd6 Rxb3 45. Nxf7 f4 46. Ne5 f3 47. Rc7+ Kg8
48. Ng4 Kf8 49. Nf6 Rb1+ 50. Kd2 Rb2+ 51. Rc2 Rb3 52. Nxd5 exd5 53. Rc3 Rb2+ 54.
Ke3 d4+ 55. Kxd4 Rxf2 56. Ke4 1/2-1/2

[Event "European Rapid 2014"]
[Site "Wroclaw POL"]
[Date "2014.12.21"]
[Round "11.2"]
[White "Kovalev, Vladislav"]
[Black "Moiseenko, Alexander"]
[Result "1-0"]
[WhiteTitle "GM"]
[BlackTitle "GM"]
[WhiteElo "2539"]
[BlackElo "2692"]
[WhiteFideId "13504398"]
[BlackFideId "14102560"]
[EventDate "2014.12.20"]

1. e4 c5 2. Nf3 e6 3. d4 cxd4 4. Nxd4 Nf6 5. Bd3 Nc6 6. Nxc6 bxc6 7. O-O d5 8.
Nd2 Be7 9. Qe2 O-O 10. b3 Bb7 11. Bb2 c5 12. e5 Nd7 13. c4 a5 14. cxd5 Bxd5 15.
Ne4 Re8 16. Rfd1 Qc7 17. Bb5 Red8 18. Nc3 Bb7 19. Na4 Nf8 20. Bc3 Ng6 21. g3 Rd5
22. Rxd5 exd5 23. e6 d4 24. exf7+ Kh8 25. Bd2 Qd6 26. f3 Qf6 27. Re1 Qxf7 28.
Bd3 Bd6 29. f4 Nf8 30. Nb6 Rd8 31. Nc4 Qd7 32. Bxa5 Rb8 33. Nxd6 Qxd6 34. Qe5
Qc6 35. Be4 Qc8 36. Bxb7 Rxb7 37. Qe8 Rb8 38. Qf7 d3 39. Bc3 Qg4 40. Kf2 Ra8 41.
a4 Qg6 42. Re7 Qxf7 43. Rxf7 Ne6 44. Re7 Nd4 45. Bxd4 cxd4 46. Rd7 Re8 47. Rxd4
Re2+ 48. Kf3 h5 49. Rxd3 Rxh2 50. a5 Ra2 51. b4 Ra4 52. Rb3 Kh7 53. Ke4 Kg6 54.
Kd5 Kf5 55. Kc6 Ra1 56. Kb7 Re1 57. a6 Re7+ 58. Kb6 1-0

[Event "European Rapid 2014"]
[Site "Wroclaw POL"]
[Date "2014.12.21"]
[Round "11.3"]
[White "Duda, Jan-Krzysztof"]
[Black "Navara, David"]
[Result "1-0"]
[WhiteTitle "GM"]
[BlackTitle "GM"]
[WhiteElo "2603"]
[BlackElo "2727"]
[WhiteFideId "1170546"]
[BlackFideId "309095"]
[EventDate "2014.12.20"]

1. e4 c6 2. d4 d5 3. Nc3 dxe4 4. Nxe4 Bf5 5. Ng3 Bg6 6. Nh3 e6 7. Nf4 Bd6 8. h4
Qc7 9. Nxg6 hxg6 10. Ne4 Bf4 11. Bxf4 Qxf4 12. Ng5 Nf6 13. g3 Qd6 14. c3 Qd5 15.
Rg1 Nbd7 16. Bg2 Qf5 17. Qe2 Qa5 18. a3 O-O 19. O-O-O e5 20. Rge1 exd4 21. Rxd4
Rae8 22. Qd1 Nc5 23. Rxe8 Rxe8 24. Bf1 Nce4 25. Nxe4 Nxe4 26. Bc4 Nf6 27. Rd2 b5
28. Bb3 c5 29. Re2 Rd8 30. Rd2 Rb8 31. Qf3 Qc7 32. Qf4 Qxf4 33. gxf4 Re8 34. Bc2
Kh7 35. b4 Kh6 36. f5 gxf5 37. Bxf5 Re5 38. Bd7 Re1+ 39. Kc2 Ne4 40. Rd5 c4 41.
Bxb5 Re2+ 42. Kc1 Nxc3 43. Rd6+ Kh5 44. Bxc4 Rxf2 45. Rd7 Kxh4 46. Rxa7 g5 47.
Rxf7 Rxf7 48. Bxf7 g4 49. Be8 g3 50. Bc6 Kg4 51. Kc2 Nb5 52. Kd3 Nxa3 53. Ke2
Nc2 54. b5 Nd4+ 55. Kf1 Kh3 56. Bg2+ Kh2 57. b6 Nf5 58. b7 Ne3+ 59. Ke2 Nxg2 60.
b8=Q Nh4 61. Qf4 Kh3 62. Kf1 1-0

[Event "European Rapid 2014"]
[Site "Wroclaw POL"]
[Date "2014.12.21"]
[Round "11.5"]
[White "Neiksans, Arturs"]
[Black "Ragger, Markus"]
[Result "1-0"]
[WhiteTitle "GM"]
[BlackTitle "GM"]
[WhiteElo "2559"]
[BlackElo "2651"]
[WhiteFideId "11601388"]
[BlackFideId "1610856"]
[EventDate "2014.12.20"]

1. e4 e5 2. Nf3 Nc6 3. Bb5 a6 4. Ba4 Nf6 5. O-O Be7 6. d3 d6 7. c4 O-O 8. h3 Nd7
9. Be3 f5 10. exf5 Rxf5 11. Nc3 Nf8 12. d4 Nxd4 13. Nxd4 exd4 14. Bxd4 Be6 15.
Bc2 Rf7 16. Nd5 Bg5 17. Qe2 b5 18. Bb3 c5 19. Bc3 Bxd5 20. cxd5 Bf6 21. a4 Bxc3
22. bxc3 c4 23. Bc2 Rb8 24. axb5 axb5 25. Rfe1 Qf6 26. Qd2 Re7 27. Rxe7 Qxe7 28.
Qd4 Re8 29. Ra5 Qg5 30. Bd1 Qe5 31. Qxe5 Rxe5 32. Bf3 Re1+ 33. Kh2 b4 34. cxb4
c3 35. Ra2 Rc1 36. Be4 Nd7 37. Ra8+ Kf7 38. Ra7 Ke8 39. Bxh7 Kd8 40. Bf5 Nb6 41.
Rxg7 Rd1 42. h4 Rxd5 43. g4 Rd2 44. h5 Rxf2+ 45. Kh3 Rf1 46. Kh2 Rf2+ 47. Kh3
Rf1 48. Kh4 Nd5 49. h6 Ne3 50. Be4 Ng2+ 51. Kg3 Rh1 52. h7 d5 53. Bg6 Ne3 54.
Rg8+ Kc7 55. h8=Q Rxh8 56. Rxh8 d4 57. Kf3 Nd5 58. Bd3 Nxb4 59. Ke2 Nd5 60. Kd1
Kd6 61. Rd8+ Ke5 62. Rxd5+ Kxd5 63. g5 Ke5 64. g6 Kf6 65. Kc2 Kg7 66. Kb3 Kf6
67. Kc4 Ke6 68. Kxd4 Kf6 69. Kxc3 1-0

[Event "European Rapid 2014"]
[Site "Wroclaw POL"]
[Date "2014.12.21"]
[Round "11.6"]
[White "Moranda, Wojciech"]
[Black "Korobov, Anton"]
[Result "0-1"]
[WhiteTitle "GM"]
[BlackTitle "GM"]
[WhiteElo "2591"]
[BlackElo "2693"]
[WhiteFideId "1122401"]
[BlackFideId "14105730"]
[EventDate "2014.12.20"]

1. d4 Nf6 2. c4 e6 3. Nf3 d5 4. Nc3 c6 5. e3 Nbd7 6. Qc2 Bd6 7. Bd3 O-O 8. O-O
dxc4 9. Bxc4 b5 10. Be2 a6 11. e4 e5 12. Rd1 Qc7 13. g3 Re8 14. a3 exd4 15. Nxd4
Nc5 16. Bf3 Bh3 17. b4 Ne6 18. Nxe6 Bxe6 19. Bg2 a5 20. bxa5 Rxa5 21. Bb2 Bc4
22. Ne2 Rea8 23. Nd4 Bxa3 24. Nxc6 Qxc6 25. e5 Nd5 26. Rxa3 Rxa3 27. Bxa3 Qe6
28. Bb2 h6 29. Qd2 Rd8 30. Qa5 Rc8 31. h3 h5 32. Rd4 Ne7 33. Rd8+ Rxd8 34. Qxd8+
Kh7 35. Be4+ g6 36. Ba3 Nc6 37. Qh4 Qxe5 38. Kh2 Nd4 39. Bg2 Nf5 40. Qg5 Qd4 41.
Kg1 h4 42. g4 f6 43. Qc1 Ng3 44. Qe1 Ne2+ 45. Kh1 Qd3 46. Bb2 Bd5 47. Bxf6 Qxh3# 0-1

[Event "European Rapid 2014"]
[Site "Wroclaw POL"]
[Date "2014.12.21"]
[Round "11.7"]
[White "Bortnyk, Olexandr"]
[Black "Fedorchuk, Sergey A."]
[Result "1/2-1/2"]
[WhiteTitle "IM"]
[BlackTitle "GM"]
[WhiteElo "2533"]
[BlackElo "2669"]
[WhiteFideId "14120828"]
[BlackFideId "14102536"]
[EventDate "2014.12.20"]

1. e4 c5 2. c3 d5 3. exd5 Qxd5 4. d4 e6 5. Nf3 Nf6 6. Be3 cxd4 7. cxd4 Bb4+ 8.
Nc3 Bd7 9. Bd3 Bb5 10. O-O Bxc3 11. bxc3 O-O 12. Rb1 Bxd3 13. Qxd3 Nbd7 14. c4
Qd6 15. Qb3 b6 16. Rfd1 Rac8 17. a4 Qc7 18. Rbc1 Rfe8 19. h3 h6 20. Qa3 Qb7 21.
a5 Qa6 22. Ne5 Nxe5 23. dxe5 Ne4 24. Rd4 Nc5 25. Ra1 Qb7 26. Rb1 Qc7 27. axb6
axb6 28. Rd6 Ne4 29. Rbxb6 Qxc4 30. Rd7 Ra8 31. Qd3 Qxd3 32. Rxd3 Red8 33. Rbb3
Rxd3 34. Rxd3 Rc8 35. g3 Nc3 36. Rd7 Nd5 37. Ba7 Rc1+ 38. Kg2 Re1 39. Bb8 g5 40.
Bd6 Kg7 41. Rd8 h5 42. Ra8 Re2 43. Kf3 Rb2 44. Bf8+ Kg6 45. Bd6 Rb3+ 46. Kg2 Kg7
47. Bf8+ Kh7 48. Bd6 h4 49. Bc5 hxg3 50. fxg3 Ne3+ 51. Kf2 Nf5 52. g4 Nh4 53.
Be7 Rxh3 54. Bxg5 Ng6 55. Bf6 Rb3 56. Ra7 Kg8 57. Ra5 Kh7 58. Ra7 Kg8 59. Ra8+
Kh7 60. Ra1 Rb5 61. Rh1+ Kg8 62. Ke3 Rb4 63. Kf3 Rf4+ 64. Kg3 Ra4 65. Kf3 Ra3+
66. Ke4 Rg3 67. Kd4 Rxg4+ 68. Kc5 Rg2 69. Kc6 Rd2 70. Kc7 Rd5 71. Rh5 Kf8 72.
Kc6 Ke8 73. Kc7 Rc5+ 74. Kb6 Rd5 75. Kc7 Rd7+ 76. Kb6 Rd5 77. Kc7 Rd1 78. Rh2
Rc1+ 79. Kd6 Rc8 80. Rh1 Ra8 81. Kc7 Kf8 82. Rh5 Ra5 83. Kb6 Rd5 84. Kc7 Ke8 85.
Rh1 Rd7+ 86. Kb6 Kf8 87. Rh5 Rd5 88. Kc7 Ke8 89. Rh1 Rc5+ 90. Kb6 Rc8 91. Kb7
Rc2 92. Kb6 Ne7 93. Rh8+ Kd7 94. Rf8 Nd5+ 95. Kb5 Nxf6 96. Rxf7+ Ke8 97. Rxf6
Ke7 98. Rh6 Kf7 99. Rf6+ Ke7 100. Rh6 1/2-1/2

[Event "European Rapid 2014"]
[Site "Wroclaw POL"]
[Date "2014.12.21"]
[Round "11.8"]
[White "Inarkiev, Ernesto"]
[Black "Deviatkin, Andrei"]
[Result "1/2-1/2"]
[WhiteTitle "GM"]
[BlackTitle "GM"]
[WhiteElo "2680"]
[BlackElo "2528"]
[WhiteFideId "4162722"]
[BlackFideId "4121260"]
[EventDate "2014.12.20"]

1. d4 d5 2. c4 c6 3. Nf3 Nf6 4. e3 Bf5 5. Nc3 e6 6. Nh4 Bg6 7. Nxg6 hxg6 8. Be2
Nbd7 9. h3 Bd6 10. O-O O-O 11. Qc2 Qe7 12. c5 Bc7 13. f4 b6 14. b4 bxc5 15. bxc5
e5 16. fxe5 Nxe5 17. dxe5 Qxe5 18. Bf3 Qh2+ 19. Kf2 Qg3+ 20. Ke2 Rfe8 21. Rd1 g5
22. Kf1 g4 23. Ne2 Qh4 24. hxg4 Nxg4 25. Bxg4 Qxg4 26. Rd4 Qh5 27. Nf4 Qh1+ 28.
Kf2 Qh4+ 29. Kf3 Be5 30. Bb2 Bxd4 31. Bxd4 Qh7 32. Qxh7+ Kxh7 33. g4 f6 34. Rg1
g5 35. Nh5 Kg6 36. Ke2 Re6 37. Rf1 Rf8 38. Kd3 Rf7 39. Rf2 Re4 40. Ng3 Rxg4 41.
Nf5 Rg1 42. e4 dxe4+ 43. Kxe4 Rg4+ 44. Ke3 Rh7 45. Rf3 Rg2 46. Nd6 Re7+ 47. Kd3
Re6 48. Rh3 Rxa2 49. Rh8 Ra3+ 50. Kc4 Ra4+ 51. Kc3 Ra3+ 52. Kb4 Rd3 53. Kc4 Rd1
54. Rc8 g4 55. Rxc6 g3 56. Rc8 Kh7 57. Nf5 g2 58. Rc7+ Kh8 59. Rc8+ Kh7 60. Rc7+
Kh8 61. Rc8+ Kh7 62. Rc7+ Kh8 63. Rc8+ 1/2-1/2

[Event "European Rapid 2014"]
[Site "Wroclaw POL"]
[Date "2014.12.21"]
[Round "11.9"]
[White "Warakomski, Tomasz"]
[Black "Bosiocic, Marin"]
[Result "1-0"]
[WhiteTitle "IM"]
[BlackTitle "GM"]
[WhiteElo "2456"]
[BlackElo "2555"]
[WhiteFideId "1124552"]
[BlackFideId "14507927"]
[EventDate "2014.12.20"]

1. e4 e5 2. Nf3 Nc6 3. Nc3 Nf6 4. a3 Bd6 5. d4 exd4 6. Nxd4 O-O 7. Nf5 Be5 8.
Bg5 d5 9. exd5 Bxf5 10. dxc6 bxc6 11. Bd3 Bxc3+ 12. bxc3 Re8+ 13. Kf1 Bg6 14.
Qf3 Re6 15. g3 Qd5 16. Qxd5 cxd5 17. Be3 Be4 18. Bxe4 Nxe4 19. c4 dxc4 20. Kg2
Nc3 21. Bd4 Nd5 22. Rhd1 c6 23. Kf3 Rae8 24. Bxa7 Ra8 25. Bd4 Ra4 26. Rdb1 h6
27. Rb8+ Kh7 28. Rb7 Kg6 29. Ra7 Rxa7 30. Bxa7 Re8 31. a4 Ra8 32. Bd4 Ra5 33.
Ke2 h5 34. Kd2 f6 35. Bc3 Ra6 36. a5 Kf7 37. Ra4 Ke6 38. Rxc4 Kd6 39. Ra4 c5 40.
Kd3 Kc6 41. Bd2 Kb5 42. Rh4 g5 43. c4+ Ka4 44. cxd5+ gxh4 45. Kc4 Ra8 46. d6 Rd8
47. Kxc5 Rc8+ 48. Kb6 1-0

[Event "European Rapid 2014"]
[Site "Wroclaw POL"]
[Date "2014.12.21"]
[Round "11.10"]
[White "Lysyj, Igor"]
[Black "Savchenko, Boris"]
[Result "1-0"]
[WhiteTitle "GM"]
[BlackTitle "GM"]
[WhiteElo "2686"]
[BlackElo "2599"]
[WhiteFideId "4150120"]
[BlackFideId "4147332"]
[EventDate "2014.12.20"]

1. d4 e6 2. e4 d5 3. exd5 exd5 4. Nf3 Bd6 5. c4 Nf6 6. Nc3 O-O 7. cxd5 Re8+ 8.
Be2 Nbd7 9. Bg5 h6 10. Bh4 Nb6 11. O-O Be7 12. Bxf6 Bxf6 13. Qb3 a6 14. a4 Nxd5
15. Bc4 c6 16. Bxd5 cxd5 17. Nxd5 Be6 18. Nxf6+ Qxf6 19. Qxb7 Red8 20. Qc6 a5
21. Rfd1 Rab8 22. Rd2 Qf4 23. d5 Rdc8 24. Qa6 Bg4 25. Rd4 Qf5 26. d6 Bxf3 27.
gxf3 Qg5+ 28. Rg4 Qf6 29. Qxa5 Qxd6 30. Qf5 Rc5 31. Qf4 Qd8 32. Qxh6 Qf8 33. Re1
Rc2 34. Qh5 g6 35. Qd5 Kg7 36. Qe5+ Kg8 37. Rh4 f6 38. Qe6+ Qf7 39. Rh8+ 1-0

[Event "European Rapid 2014"]
[Site "Wroclaw POL"]
[Date "2014.12.21"]
[Round "11.11"]
[White "Kantans, Toms"]
[Black "Bindrich, Falko"]
[Result "1/2-1/2"]
[WhiteTitle "IM"]
[BlackTitle "GM"]
[WhiteElo "2447"]
[BlackElo "2610"]
[WhiteFideId "11602945"]
[BlackFideId "4676670"]
[EventDate "2014.12.20"]

1. e4 e5 2. Nf3 Nc6 3. d4 exd4 4. Nxd4 Bb4+ 5. c3 Bc5 6. Be3 Bb6 7. Nf5 g6 8.
Bxb6 axb6 9. Ne3 Nf6 10. f3 Qe7 11. c4 Qb4+ 12. Qd2 Qxd2+ 13. Kxd2 Kd8 14. Nc3
d6 15. Nb5 Na7 16. Nxa7 Rxa7 17. a3 h5 18. h4 Nd7 19. Bd3 Nc5 20. Bc2 Re8 21. b4
Nd7 22. Rhe1 c6 23. Kc3 Kc7 24. a4 Nf6 25. Rad1 Be6 26. Rd2 Raa8 27. Red1 Rad8
28. g3 Rg8 29. Ng2 Bh3 30. Nf4 Bc8 31. Bb3 c5 32. a5 bxa5 33. bxc5 dxc5 34. e5
Rxd2 35. Rxd2 Nh7 36. Rd6 Kb8 37. Ba4 Bf5 38. Kd2 Rc8 39. Ke3 Rf8 40. Nd5 Be6
41. Bb5 Bf5 42. Kf4 Be6 43. g4 hxg4 44. fxg4 Rh8 45. Ba4 Ka7 46. Bb5 g5+ 47.
hxg5 Nf8 48. Nc7 Ng6+ 49. Kg3 Bc8 50. e6 fxe6 51. Nxe6 Rh4 52. Be8 a4 53. Bxg6
Rh1 54. Nxc5 Rg1+ 55. Kf2 Rxg4 56. Ne4 Rf4+ 57. Ke3 Rh4 58. c5 a3 59. Rd4 Be6
60. Ra4+ Kb8 61. Kd4 a2 62. Ke5 Bb3 63. Ra3 Rh1 64. Nd2 Bg8 65. Be4 a1=Q+ 66.
Rxa1 Rxa1 67. g6 Rc1 68. Kd4 Rd1 69. Ke3 Kc7 70. Nf3 Rc1 71. Kd4 Rc4+ 72. Ke5
Rxc5+ 73. Kf6 b5 74. Nd4 Kb6 75. Nf5 Rc4 76. Bb1 Rc1 77. Be4 Re1 78. Bd3 b4 79.
Nh6 Re3 80. Bf5 Bd5 81. g7 Rg3 82. Nf7 b3 83. Bg6 Rxg6+ 84. Kxg6 b2 85. g8=Q
b1=Q+ 86. Kg7 Qg1+ 87. Kf8 Qc5+ 88. Kg7 Qd4+ 89. Kf8 Qf6 90. Qg7 1/2-1/2

[Event "European Rapid 2014"]
[Site "Wroclaw POL"]
[Date "2014.12.21"]
[Round "11.12"]
[White "Matlakov, Maxim"]
[Black "Czakon, Jakub"]
[Result "1-0"]
[WhiteTitle "GM"]
[BlackTitle "IM"]
[WhiteElo "2695"]
[BlackElo "2479"]
[WhiteFideId "4168003"]
[BlackFideId "1120840"]
[EventDate "2014.12.20"]

1. d4 f5 2. Nc3 Nf6 3. Bg5 d5 4. Bxf6 exf6 5. e3 Be6 6. Bd3 Nc6 7. Qf3 Qd7 8. a3
a6 9. Nge2 Bd6 10. Nf4 Ne7 11. Nxe6 Qxe6 12. h3 O-O-O 13. g4 f4 14. e4 c5 15.
O-O-O cxd4 16. exd5 Qf7 17. Ne2 Qxd5 18. Be4 Qa2 19. Bxb7+ Kc7 20. Rd3 Rb8 21.
Rb3 Be5 22. Kd2 d3 23. Nc1 1-0

[Event "European Rapid 2014"]
[Site "Wroclaw POL"]
[Date "2014.12.21"]
[Round "11.13"]
[White "Tomczak, Jacek"]
[Black "Vallejo Pons, Francisco"]
[Result "0-1"]
[WhiteTitle "GM"]
[BlackTitle "GM"]
[WhiteElo "2561"]
[BlackElo "2705"]
[WhiteFideId "1124668"]
[BlackFideId "2205530"]
[EventDate "2014.12.20"]

1. e4 e5 2. Nf3 Nc6 3. d4 exd4 4. Nxd4 Bb4+ 5. c3 Bc5 6. Bc4 d6 7. O-O Nge7 8.
Qh5 Ne5 9. Be2 O-O 10. Be3 f5 11. f4 N5c6 12. Nc2 Bxe3+ 13. Nxe3 fxe4 14. Bc4+
Kh8 15. Nd2 Bf5 16. Rad1 Qe8 17. Qe2 Qg6 18. Nxf5 Rxf5 19. Nxe4 d5 20. Ng3 dxc4
21. Nxf5 Nxf5 22. Rd5 Qf7 23. Rc5 Nd6 24. Qg4 Re8 25. Rh5 Ne4 26. Rf5 Qg6 27.
Qxg6 hxg6 28. Rd5 Nf6 29. Rd2 Kg8 30. g3 Kf7 31. Kg2 Re3 32. Rf3 Re1 33. Rf1 Re3
34. Rf3 Re6 35. f5 gxf5 36. Rxf5 Ne5 37. Rd8 Ng4 38. Rf4 Re2+ 39. Kf1 Rxh2 40.
Rd7+ Kg6 41. Kg1 Rxb2 42. Re7 b5 43. a4 bxa4 44. Rxc7 a3 45. Rxa7 a2 46. Rf1 Ne3 0-1

[Event "European Rapid 2014"]
[Site "Wroclaw POL"]
[Date "2014.12.21"]
[Round "11.14"]
[White "Bartel, Mateusz"]
[Black "Aleksandrov, Aleksej"]
[Result "1-0"]
[WhiteTitle "GM"]
[BlackTitle "GM"]
[WhiteElo "2664"]
[BlackElo "2593"]
[WhiteFideId "1112635"]
[BlackFideId "13500139"]
[EventDate "2014.12.20"]

1. e4 e5 2. Nf3 Nc6 3. Bb5 Nf6 4. d3 d6 5. O-O Be7 6. h3 O-O 7. a4 h6 8. a5 a6
9. Bc4 Nh7 10. Nc3 Ng5 11. Nd5 Nxf3+ 12. Qxf3 Nd4 13. Qd1 Bg5 14. f4 exf4 15.
Nxf4 c6 16. Qh5 Ne6 17. Nxe6 Bxe6 18. Bxe6 fxe6 19. Rxf8+ Qxf8 20. Bxg5 hxg5 21.
Qxg5 d5 22. Qg6 Re8 23. Rf1 Qc5+ 24. Kh1 Re7 25. Qg5 Re8 26. Qf4 Qe7 27. e5 Rb8
28. b4 b6 29. axb6 Rxb6 30. c3 Rb5 31. Ra1 Qb7 32. Qg4 Qc8 33. d4 Rb8 34. Rf1
Qd7 35. Qf4 Ra8 36. Kh2 Qe8 37. Qg4 a5 38. bxa5 Rxa5 39. Rf6 Ra3 40. Rxe6 Qd7
41. Qg6 1-0

[Event "European Rapid 2014"]
[Site "Wroclaw POL"]
[Date "2014.12.21"]
[Round "11.15"]
[White "Alekseenko, Kirill"]
[Black "Edouard, Romain"]
[Result "1-0"]
[WhiteTitle "FM"]
[BlackTitle "GM"]
[WhiteElo "2499"]
[BlackElo "2659"]
[WhiteFideId "4135539"]
[BlackFideId "633429"]
[EventDate "2014.12.20"]

1. e4 c5 2. Nf3 e6 3. d4 cxd4 4. Nxd4 Nc6 5. Nc3 a6 6. Be2 Qc7 7. O-O b5 8. Nxc6
dxc6 9. Re1 Bd6 10. h3 Bb7 11. a4 Rd8 12. Bd3 Ne7 13. Qh5 Ng6 14. Bg5 Rd7 15. e5
Nxe5 16. Bxh7 Kf8 17. Ne4 Ng6 18. Nxd6 Rxd6 19. Ra3 c5 20. axb5 axb5 21. Rea1
Qc6 22. Qf3 Qxf3 23. gxf3 Ne7 24. Be4 Bc8 25. Ra8 f6 26. Bf4 Rd8 27. R1a7 Kf7
28. Be3 Rh5 29. Rc7 f5 30. Raa7 fxe4 31. Rxe7+ Kf6 32. f4 e5 33. fxe5+ Rxe5 34.
Rf7+ Ke6 35. Rxg7 Kd5 36. b3 Bxh3 37. Rac7 c4 38. bxc4+ bxc4 39. Rc5+ Ke6 40.
Rxc4 Rd1+ 41. Kh2 Bf1 42. Rcc7 Rh5+ 43. Kg3 Bb5 44. Rge7+ Kf6 45. Rf7+ Ke6 46.
Rce7+ Kd6 47. Bf4+ Kc5 48. Be3+ Kd6 49. Kf4 Bc6 50. c4 Rh4+ 51. Kg5 Rdh1 52. Kf6
Rh6+ 53. Bxh6 Rxh6+ 54. Kg5 Rh2 55. Ra7 Rg2+ 56. Kh4 Ke5 57. Rac7 Ba4 58. c5 Kd5
59. Rf5+ Ke6 60. Rcf7 Be8 61. R7f6+ Ke7 62. c6 Rg1 63. Rh6 Bg6 64. Rc5 1-0

[Event "European Rapid 2014"]
[Site "Wroclaw POL"]
[Date "2014.12.21"]
[Round "11.16"]
[White "Loginov, Valery A"]
[Black "Azarov, Sergei"]
[Result "0-1"]
[WhiteTitle "GM"]
[BlackTitle "GM"]
[WhiteElo "2486"]
[BlackElo "2635"]
[WhiteFideId "4126297"]
[BlackFideId "13501470"]
[EventDate "2014.12.20"]

1. Nf3 d5 2. g3 Nc6 3. d4 Bg4 4. Bg2 Qd7 5. h3 Bf5 6. c4 e6 7. Nc3 Bb4 8. O-O
Nge7 9. a3 Bxc3 10. bxc3 Be4 11. cxd5 exd5 12. a4 O-O 13. Ba3 Rfe8 14. Rc1 Bxf3
15. Bxf3 Qxh3 16. c4 Rad8 17. Bg2 Qd7 18. cxd5 Nxd5 19. e4 Nf6 20. d5 Ne5 21.
Qd4 Qg4 22. f4 Ng6 23. Rc3 h5 24. f5 Rxd5 25. Qxa7 Nh4 26. exd5 Nxg2 27. Kxg2
Re2+ 28. Rf2 Ne4 29. Rf3 Rxf2+ 30. Rxf2 Qxg3+ 31. Kf1 Nxf2 32. d6 cxd6 33. Qb8+
Kh7 34. Qxd6 Qf3 35. Ke1 Qe3+ 36. Kf1 Ne4 0-1

[Event "European Rapid 2014"]
[Site "Wroclaw POL"]
[Date "2014.12.21"]
[Round "11.17"]
[White "Pakleza, Zbigniew"]
[Black "Swiercz, Dariusz"]
[Result "0-1"]
[WhiteTitle "IM"]
[BlackTitle "GM"]
[WhiteElo "2498"]
[BlackElo "2616"]
[WhiteFideId "1119290"]
[BlackFideId "1126881"]
[EventDate "2014.12.20"]

1. d4 Nf6 2. Nf3 g6 3. Bf4 Bg7 4. e3 c5 5. c3 b6 6. Be2 O-O 7. O-O Bb7 8. Nbd2
d6 9. h3 Nc6 10. Bh2 Rc8 11. a4 Qc7 12. Qb1 cxd4 13. exd4 Qb8 14. Re1 Rfe8 15.
Bb5 a6 16. Bf1 Qc7 17. Qa2 Na5 18. Rac1 Bh6 19. Rcd1 Bd5 20. Qa3 Qb7 21. Bg3 Nh5
22. Bh4 Nf4 23. Bg3 Nxg2 24. Bxg2 Bxd2 25. Nxd2 Bxg2 26. Kh2 Bd5 27. Re3 Be6 28.
Rde1 Qd5 29. Qb4 Rb8 30. Ne4 Nc4 31. R3e2 a5 32. Qb5 Qxb5 33. axb5 a4 34. d5 Bd7
35. Bh4 Bxb5 36. f4 f6 37. f5 Ne5 38. Re3 gxf5 39. Rg1+ Kf7 40. Bxf6 fxe4 41.
Bxe5 dxe5 42. Rxe4 Rg8 43. Rd1 Rg5 44. c4 Bd7 45. d6 Bc6 46. Re2 Rbg8 0-1

[Event "European Rapid 2014"]
[Site "Wroclaw POL"]
[Date "2014.12.21"]
[Round "11.18"]
[White "Kanep, Meelis"]
[Black "Mastrovasilis, Dimitrios"]
[Result "1-0"]
[WhiteTitle "GM"]
[BlackTitle "GM"]
[WhiteElo "2509"]
[BlackElo "2608"]
[WhiteFideId "4501047"]
[BlackFideId "4202694"]
[EventDate "2014.12.20"]

1. d4 d5 2. c4 c6 3. Nf3 Nf6 4. e3 Bg4 5. h3 Bh5 6. Nbd2 e6 7. g4 Bg6 8. Ne5
Nfd7 9. Nxg6 hxg6 10. Bg2 Be7 11. O-O Na6 12. e4 dxe4 13. Nxe4 Nf6 14. Nxf6+
gxf6 15. d5 cxd5 16. cxd5 e5 17. d6 Bxd6 18. Bxb7 Nc7 19. Bxa8 Qxa8 20. Qxd6
Rxh3 21. f3 Rg3+ 22. Kh2 Rxf3 23. Bh6 Qe4 24. Qf8+ Kd7 25. Rad1+ Nd5 26. Qxf7+
Kc6 27. Rc1+ Kb6 28. Qe6+ Ka5 29. Bd2+ 1-0

[Event "European Rapid 2014"]
[Site "Wroclaw POL"]
[Date "2014.12.21"]
[Round "11.19"]
[White "Kempinski, Robert"]
[Black "Heberla, Bartlomiej"]
[Result "1-0"]
[WhiteTitle "GM"]
[BlackTitle "GM"]
[WhiteElo "2626"]
[BlackElo "2561"]
[WhiteFideId "1105663"]
[BlackFideId "1115120"]
[EventDate "2014.12.20"]

1. d4 f5 2. Nf3 Nf6 3. c4 g6 4. e3 Bg7 5. b4 O-O 6. Bb2 d6 7. Be2 e6 8. Nbd2 Qe7
9. Qb3 Nc6 10. O-O Nd8 11. Rac1 Nf7 12. c5 g5 13. b5 g4 14. Ne1 h5 15. Nd3 Nd5
16. cxd6 cxd6 17. Nf4 Nxf4 18. exf4 d5 19. Bd3 Nd6 20. Rfe1 Qd8 21. Nf1 Bd7 22.
Ba3 Qb8 23. Ne3 Re8 24. Nxd5 Nf7 25. Nc7 Bxd4 26. Qc4 Bf6 27. Nxe8 1-0

[Event "European Rapid 2014"]
[Site "Wroclaw POL"]
[Date "2014.12.21"]
[Round "11.20"]
[White "Plat, Vojtech"]
[Black "Berzinsh, Roland"]
[Result "0-1"]
[WhiteTitle "IM"]
[BlackTitle "IM"]
[WhiteElo "2432"]
[BlackElo "2395"]
[WhiteFideId "325740"]
[BlackFideId "11600357"]
[EventDate "2014.12.20"]

1. e4 e5 2. Nf3 d6 3. d4 exd4 4. Qxd4 a6 5. Bg5 Nc6 6. Qc3 Nf6 7. Bxf6 Qxf6 8.
Qxf6 gxf6 9. Nbd2 f5 10. exf5 Bxf5 11. O-O-O O-O-O 12. Nb3 Bg4 13. Be2 Re8 14.
Rhe1 Bg7 15. Nfd4 Bxe2 16. Nxe2 Re5 17. f4 Re4 18. c3 b5 19. a3 Rhe8 20. Kd2 Kd7
21. g3 a5 22. Ng1 Rxe1 23. Rxe1 Rxe1 24. Kxe1 b4 25. axb4 axb4 26. Kd2 bxc3+ 27.
bxc3 d5 28. Nf3 Bf6 29. Kd3 Kd6 30. Nbd2 h5 31. Nf1 Ne7 32. Ne3 c5 33. c4 dxc4+
34. Nxc4+ Ke6 35. Nfd2 Bd4 36. Nf3 Bf6 37. h3 Nd5 38. h4 Ne7 39. Nfd2 Bd4 40.
Ke4 f5+ 41. Kd3 Bf2 42. Nf1 Nc6 43. Ke2 Bd4 44. Nfd2 Kd5 45. Nb6+ Ke6 46. Nf3
Bf6 47. Kd3 Bd4 48. Ke2 Bf6 49. Nd2 Bd4 50. Nf3 Bf6 51. Ng5+ Kd6 52. Nc4+ Kd7
53. Ne3 Ne7 54. Kd3 Bd4 55. Nd1 Kd6 56. Kc4 Nd5 57. Nf7+ Ke7 58. Nh6 Ke6 59.
Nxf5 Nb6+ 0-1

[Event "European Rapid 2014"]
[Site "Wroclaw POL"]
[Date "2014.12.21"]
[Round "11.21"]
[White "Mkrtchian, Lilit"]
[Black "Krasenkow, Michal"]
[Result "0-1"]
[WhiteTitle "IM"]
[BlackTitle "GM"]
[WhiteElo "2450"]
[BlackElo "2614"]
[WhiteFideId "13300601"]
[BlackFideId "1113100"]
[EventDate "2014.12.20"]

1. c4 e5 2. g3 d6 3. Bg2 g6 4. d4 Bg7 5. Nf3 e4 6. Ng5 f5 7. f3 Qf6 8. d5 h6 9.
Nh3 exf3 10. exf3 g5 11. Nc3 Ne7 12. f4 g4 13. Ng1 h5 14. Nge2 h4 15. h3 gxh3
16. Rxh3 Ng6 17. Be3 Na6 18. Bd4 Qe7 19. Bxg7 Qxg7 20. Qd2 Bd7 21. O-O-O O-O-O
22. Nd4 Rde8 23. Ncb5 Kb8 24. gxh4 Rxh4 25. Qf2 Bxb5 26. cxb5 Rxf4 27. Qd2 Nc5
28. Rg3 Qf7 29. Rg1 Rg4 30. Bf3 Rxg3 31. Rxg3 Ne5 32. Bg2 f4 33. Ra3 Qg6 34. Bh3
Ned3+ 35. Kc2 Nb4+ 36. Kc1 Qg1+ 37. Qd1 Re1 0-1